Guess the song (Lover -Taylor Swift) - Statistics

General Stats
  • This quiz has been taken 5,753 times
  • The average score is 11 of 18
Answer Stats
Part of the Lyrics Song % Correct
Kiss me once 'cause you know I had a long night, kiss me twice 'cause it's gonna be alright. Paper Rings
95%
My heart's been borrowed and yours has been blue, all's well that ends well to end up with you. Lover
92%
I'd be a fearless leader, I'd be an alpha type, when everyone believes ya, what's that like? The man
90%
And I screamed for whatever it's worth, I love you, ain't that the worse thing you ever heard? Cruel summer
73%
Who could ever leave me, darling? But who could stay? The archer
63%
You hold my hand on the street, walk me back to that apartment, years ago, we were just inside. Cornelia street
62%
Sent me a clear message, taught me some hard lessons, I just forgot what they were. I forgot that you existed
62%
But something happened, I heard him laughing, I saw the pimples first and then I heard the accent London boy
62%
Sorry that I hurt you, I don't wanna do, I don't wanna do this to you. Afterglow
61%
I get drunk, but it's not enough 'cause the morning comes and you're not my baby. Death by a thousand cuts
59%
I don't wanna look at anything else now that I saw you, I don't wanna think of anything else now that I thought of you. Daylight
58%
You just need to take several seats and then try to restore the peace, and control your urges to scream about all the people you hate. You need to calm down
54%
He got that boyish look that I like in a man, I am an architect, I'm drawing up the plans I think he knows
50%
They all wanted us about times like this, they say the road gets hard and you get lost. False god
48%
And i'll never let you go, 'cause I know this is a fight, that someday we're gonna win. Miss Americana and the heartbreak prince
46%
And when we had that fight out in the rain, you ran after me and call my name, I never wanna see you walk away. Me!
42%
Twenty questions, we tell the truth, you've been stressed out lately? Yeah, me too It's nice to have a friend
40%
I didn't tell you I was scared, that was the first time we were there. Soon you'll get better
35%
No matching quizzes found
Score Distribution
Percent of People with Each Score
Percentile by Number Answered
Your Score History
You have not taken this quiz